<?xml version="1.0" encoding="UTF-8"?><?xml-stylesheet type="text/xsl" href="static/style.xsl"?><OAI-PMH xmlns="http://www.openarchives.org/OAI/2.0/" xmlns:xsi="http://www.w3.org/2001/XMLSchema-instance" xsi:schemaLocation="http://www.openarchives.org/OAI/2.0/ http://www.openarchives.org/OAI/2.0/OAI-PMH.xsd"><responseDate>2026-04-28T07:36:51Z</responseDate><request verb="GetRecord" identifier="oai:riubu.ubu.es:10259/3747" metadataPrefix="marc">https://riubu.ubu.es/oai/request</request><GetRecord><record><header><identifier>oai:riubu.ubu.es:10259/3747</identifier><datestamp>2022-04-26T11:42:13Z</datestamp><setSpec>com_10259_2699</setSpec><setSpec>col_10259_2723</setSpec></header><metadata><record xmlns="http://www.loc.gov/MARC21/slim" xmlns:doc="http://www.lyncode.com/xoai" xmlns:xsi="http://www.w3.org/2001/XMLSchema-instance" xmlns:dcterms="http://purl.org/dc/terms/" xsi:schemaLocation="http://www.loc.gov/MARC21/slim http://www.loc.gov/standards/marcxml/schema/MARC21slim.xsd">
<leader>00925njm 22002777a 4500</leader>
<datafield tag="042" ind1=" " ind2=" ">
<subfield code="a">dc</subfield>
</datafield>
<datafield tag="720" ind1=" " ind2=" ">
<subfield code="a">Lorenzo Bañuelos, Miriam</subfield>
<subfield code="e">author</subfield>
</datafield>
<datafield tag="260" ind1=" " ind2=" ">
<subfield code="c">2015</subfield>
</datafield>
<datafield tag="520" ind1=" " ind2=" ">
<subfield code="a">Para caracterizar el comportamiento a creep (fluencia a temperatura) de un material en general, se utilizan probetas convencionales estándar (cilíndricas o planas) para la realización de ensayos de fluencia uniaxiales normalizados o (Uniaxial Creep Test) (UCT). En ocasiones, no es posible contar con la cantidad de material suficiente para poder llevar a cabo esta caracterización, por ello, en esta Tesis se pretende evaluar y adecuar una metodología para poder obtener las propiedades a creep en un material utilizando probetas miniatura de punzonado. Esta técnica de ensayo se designa como ensayo de fluencia miniatura de punzonado o (Small Punch Creep Test) (SPCT).&#xd;
Hasta la fecha, se han realizado investigaciones con diferentes materiales, siendo la extrapolación de resultados, provenientes del ensayo SPCT un tema pendiente de resolver. La mayoría de las investigaciones se centran en aceros, siendo la aplicabilidad de esta técnica en aleaciones ligeras como las de magnesio, una novedad hasta la fecha. El material utilizado en esta Tesis ha sido una aleación de magnesio AZ31B.</subfield>
</datafield>
<datafield tag="024" ind2=" " ind1="8">
<subfield code="a">http://hdl.handle.net/10259/3747</subfield>
</datafield>
<datafield tag="024" ind2=" " ind1="8">
<subfield code="a">10.36443/10259/3747</subfield>
</datafield>
<datafield ind1=" " ind2=" " tag="653">
<subfield code="a">Termofluencia</subfield>
</datafield>
<datafield ind1=" " ind2=" " tag="653">
<subfield code="a">Aleaciones de magnesio</subfield>
</datafield>
<datafield ind1=" " ind2=" " tag="653">
<subfield code="a">Ensayo de fluencia miniatura de punzonado</subfield>
</datafield>
<datafield ind1=" " ind2=" " tag="653">
<subfield code="a">AZ31B-O</subfield>
</datafield>
<datafield ind1=" " ind2=" " tag="653">
<subfield code="a">Probetas miniatura</subfield>
</datafield>
<datafield ind1=" " ind2=" " tag="653">
<subfield code="a">Creep</subfield>
</datafield>
<datafield ind1=" " ind2=" " tag="653">
<subfield code="a">Magnesium alloys</subfield>
</datafield>
<datafield ind1=" " ind2=" " tag="653">
<subfield code="a">Small Punch Creep Test</subfield>
</datafield>
<datafield ind1=" " ind2=" " tag="653">
<subfield code="a">Miniature specimens</subfield>
</datafield>
<datafield tag="245" ind1="0" ind2="0">
<subfield code="a">Evaluación y aplicación del ensayo de fluencia miniatura de punzonado (SPCT) para la determinación de las propiedades a creep en la aleación de magnesio AZ31B</subfield>
</datafield>
</record></metadata></record></GetRecord></OAI-PMH>